RuPaul's Drag Race Contestants - Statistics

General Stats
  • This quiz has been taken 134 times
  • The average score is 22 of 52
Answer Stats
Answer % Correct
B Bebe Zahara Benet
74%
Alaska Thunderfuck 5000
73%
Bianca Del Rio
68%
Alyssa Edwards
66%
A Adore Delano
64%
Bob the Drag Queen
60%
R Raja
60%
K Katya Zamolodchikova
59%
O Ongina
57%
Violet Chachki
57%
Aquaria
54%
BenDeLaCreme
53%
Courtney Act
53%
Jinkx Monsoon
53%
E Eureka
52%
Jujubee
49%
Raven
49%
Y Yara Sofia
49%
Latrice Royale
48%
N Nina Flowers
48%
Roxxxy Andrews
48%
Sharon Needles
48%
Tyra Sanchez
47%
Trixie Mattel
46%
S Sasha Velour
45%
G Ginger Minj
44%
Kim Chi
44%
Chad Michaels
43%
Coco Montrese
43%
F Farrah Moan
43%
Kennedy Davenport
38%
W Willam
37%
Asia O'Hara
36%
C Carmen Carrera
36%
I Ivy Winters
36%
P Pandora Boxx
36%
T Tatianna
36%
Delta Work
34%
Shangela Laquifa Wadley
34%
Phi Phi O'Hara
32%
Chi Chi DeVayne
31%
L Laganja Estranja
27%
H Honey Mahogany
26%
J Jessica Wild
25%
M Milk
25%
Jiggly Caliente
23%
V Vanessa Vanjie Mateo
22%
Cynthia Lee Fontaine
20%
Sonique
18%
The Vixen
18%
D Dax ExclamationPoint
13%
Miz Cracker
11%
No matching quizzes found
Score Distribution
Percent of People with Each Score
Percentile by Number Answered
Your Score History
You have not taken this quiz